• 首页
  • 本馆介绍
  • 公告通知
  • 最新文献
  • 馆藏检索
  • 电子资源
  • 读者导购
  • 参考咨询
  • 我的图书馆
  • 登录
  • 详细信息显示
  • 放入我的书架
  • 预约/预借图书
  • 作者相关作品
  • 分类相关作品
  • 丛书相关作品
  • 出版社相关作品

书目信息

  • 表格格式
  • 工作单格式
  • 卡片格式
题名:
诗史互证说六朝
    
 
作者: 张承宗 著
分册:  
出版信息: 北京   商务印书馆  2018
页数: 419页
开本: 21cm
丛书名:
单 册:
中图分类: I207.227 , K235.07
科图分类:
主题词: 古典诗歌--诗歌研究--中国 , 六朝时代--历史--研究
电子资源:
ISBN: 978-7-100-15775-9
000 00795nam0 2200253 450
001 012001000256
005 20140920091301.0
010    @a978-7-100-15775-9@dCNY48.00
100    @a20180612d2018 em y0chiy50 ea
101 0  @achi
102    @aCN@b110000
105    @ay z 000yy
106    @ar
200 1  @a诗史互证说六朝@9Shi Shi Hu Zheng Shuo Liu Chao@f张承宗著
210    @a北京@c商务印书馆@d2018
215    @a419页@d21cm
330    @a本书运用诗史互证的方法研究六朝史,所收的29篇文稿内容涉及人物、地理、朝代、文化及风俗诸多方面。
606 0  @a古典诗歌@x诗歌研究@y中国
606 0  @a六朝时代@x历史@x研究
690    @aI207.227@v5
690    @aK235.07@v5
701  0 @a张承宗@9Zhang Cheng Zong@f(1943-)@4著
801  0 @aCN@b上海新华@c20180901
905    @b1041268-72@dI207.227@e1106@f5
    
    诗史互证说六朝/张承宗著.-北京:商务印书馆,2018
    419页;21cm
    
    
    ISBN 978-7-100-15775-9:CNY48.00
    本书运用诗史互证的方法研究六朝史,所收的29篇文稿内容涉及人物、地理、朝代、文化及风俗诸多方面。
●
相关链接 在E读中查询图书 在五车中查询图书 在当当中查询图书 在豆瓣中查询图书


正题名:诗史互证说六朝     索取号:I207.227/1106         预约/预借

序号 登录号 条形码 馆藏地/架位号 状态 备注
1 1041268   210412686   第一样本阅览室/ [索取号:I207.227/1106] 在馆    
2 1041269   210412695   密集书库-文学院/ [索取号:I207.227/1106] 在馆    
3 1041270   210412702   第二借阅区/ [索取号:I207.227/1106] 在馆    
4 1041271   210412711   第二借阅区/ [索取号:I207.227/1106] 在馆    
5 1041272   210412720   第二借阅区/ [索取号:I207.227/1106] 在馆    
唐山师范学院图书馆 欢迎您!
大连网信软件有限公司© 版权所有